[Event "Montcalm op 5 2010-11"]
[Site "Quebec CAN"]
[Date "2011.02.16"]
[Round "1"]
[White "Tremblay, Charles"]
[Black "Marquis, Paul"]
[Result "0-1"]
[WhiteElo "1532"]
[BlackElo "1988"]
[PlyCount "96"]
[GameId "2160767909804415"]
[EventDate "2011.02.16"]
[EventType "swiss"]
[EventRounds "5"]
[EventCountry "CAN"]
[SourceTitle "EXT 2022"]
[Source "ChessBase"]
[SourceDate "2021.10.06"]
[SourceVersion "1"]
[SourceVersionDate "2021.10.06"]
[SourceQuality "1"]

1. c4 e5 2. Nc3 Nc6 3. Nf3 Nf6 4. d3 d5 5. cxd5 Nxd5 6. Bd2 Be7 7. g3 O-O 8. Bg2 Be6 9. O-O Kh8 10. b3 f5 11. Nxd5 Bxd5 12. Qc1 Bxf3 13. Bxf3 Nd4 14. Be3 Nxf3+ 15. exf3 f4 16. Bc5 Bxc5 17. Qxc5 Qxd3 18. Qxc7 Qxf3 19. Qxe5 Rae8 20. Qd6 Rf6 21. Qd4 Ref8 22. Qd1 Qc6 23. Rc1 Qb6 24. Rc2 f3 25. Re1 Qb5 26. Rc4 Qf5 27. Rf4 Qg6 28. Ree4 h6 29. Rg4 Qh5 30. Rh4 Qc5 31. Rc4 Qe7 32. Rce4 Re6 33. Qe1 Re8 34. Rxe6 Qxe6 35. Qxe6 Rxe6 36. Kf1 Re2 37. a4 Rb2 38. Ke1 Rxb3 39. Rf4 g5 40. Re4 Kg7 41. h4 Kf6 42. hxg5+ hxg5 43. Kd2 Kf5 44. Rd4 g4 45. Kc2 Rb6 46. Rf4+ Kg5 47. Rd4 Re6 48. Rd5+ Kf6 0-1

[Event "Montcalm op 5 2010-11"]
[Site "Quebec CAN"]
[Date "2011.02.23"]
[Round "2"]
[White "Lapierre, Gaetan"]
[Black "Caire, Francois"]
[Result "0-1"]
[WhiteElo "1898"]
[BlackElo "2241"]
[PlyCount "120"]
[GameId "2160767909804416"]
[EventDate "2011.02.16"]
[EventType "swiss"]
[EventRounds "5"]
[EventCountry "CAN"]
[SourceTitle "EXT 2022"]
[Source "ChessBase"]
[SourceDate "2021.10.06"]
[SourceVersion "1"]
[SourceVersionDate "2021.10.06"]
[SourceQuality "1"]

1. e4 c5 2. Nf3 e6 3. d4 cxd4 4. Nxd4 a6 5. Bd3 Nf6 6. O-O Qc7 7. c4 Nc6 8. Nxc6 bxc6 9. Be3 e5 10. Nc3 d6 11. h3 Be7 12. Kh1 Be6 13. f4 exf4 14. Bxf4 Qa5 15. a3 O-O 16. b4 Qh5 17. Qxh5 Nxh5 18. Bh2 Bf6 19. Rac1 Be5 20. Rf3 Bxh2 21. Kxh2 Nf6 22. Ne2 Nd7 23. Nd4 Ne5 24. Re3 c5 25. bxc5 dxc5 26. Nf3 f6 27. Nxe5 fxe5 28. Be2 Rab8 29. Bg4 Bxg4 30. hxg4 Rb2 31. Rd1 Rff2 32. Rd8+ Kf7 33. Rg3 Rbc2 34. Rd5 Rxc4 35. Rxe5 Kf6 36. Re8 Re2 37. Rf3+ Kg5 38. Kg3 Rexe4 39. Rxe4 Rxe4 40. Rf5+ Kh6 41. Rxc5 Re3+ 42. Kf4 Rxa3 43. Rc6+ g6 44. Rc7 Ra4+ 45. Kg3 Ra3+ 46. Kf4 Ra4+ 47. Kg3 a5 48. Rc5 Ra1 49. Rc7 a4 50. Kf4 Rf1+ 51. Kg3 Rb1 52. Rc4 a3 53. Ra4 Rb3+ 54. Kf4 Kg7 55. g5 Kf7 56. Ra7+ Ke6 57. Rxh7 Rb4+ 58. Kf3 Ra4 59. Rh1 a2 60. Ra1 Kf5 0-1

[Event "Montcalm op 5 2010-11"]
[Site "Quebec CAN"]
[Date "2011.02.23"]
[Round "2"]
[White "Marquis, Paul"]
[Black "Lamontagne, Danny"]
[Result "1-0"]
[WhiteElo "1988"]
[BlackElo "1808"]
[PlyCount "65"]
[GameId "2160767909804417"]
[EventDate "2011.02.16"]
[EventType "swiss"]
[EventRounds "5"]
[EventCountry "CAN"]
[SourceTitle "EXT 2022"]
[Source "ChessBase"]
[SourceDate "2021.10.06"]
[SourceVersion "1"]
[SourceVersionDate "2021.10.06"]
[SourceQuality "1"]

1. e4 d5 2. exd5 Qxd5 3. Nc3 Qa5 4. d4 Nf6 5. Nf3 c6 6. Be2 Bf5 7. O-O e6 8. Be3 Bb4 9. Nb1 Nbd7 10. c3 Bd6 11. Nbd2 Qc7 12. Nc4 Nd5 13. Nxd6+ Qxd6 14. Nd2 Nf4 15. Bxf4 Qxf4 16. Nc4 O-O 17. Qb3 Nf6 18. Qxb7 Ng4 19. Bxg4 Bxg4 20. Ne5 Rab8 21. Qxa7 Rxb2 22. Nd3 Qb8 23. Qxb8 Rbxb8 24. Ne5 Be2 25. Rfe1 Rb2 26. Nxc6 Ra8 27. Nb4 Rc8 28. Rec1 Bc4 29. a4 Rb3 30. a5 Bb5 31. a6 Rbxc3 32. Rxc3 Rxc3 33. a7 1-0

[Event "Montcalm op 5 2010-11"]
[Site "Quebec CAN"]
[Date "2011.02.23"]
[Round "2"]
[White "Sauve, Richard"]
[Black "Chiffot, Nicolas"]
[Result "0-1"]
[WhiteElo "1881"]
[BlackElo "1994"]
[PlyCount "60"]
[GameId "2160767909804418"]
[EventDate "2011.02.16"]
[EventType "swiss"]
[EventRounds "5"]
[EventCountry "CAN"]
[SourceTitle "EXT 2022"]
[Source "ChessBase"]
[SourceDate "2021.10.06"]
[SourceVersion "1"]
[SourceVersionDate "2021.10.06"]
[SourceQuality "1"]

1. d4 Nf6 2. c4 g6 3. Nc3 d5 4. cxd5 Nxd5 5. e4 Nxc3 6. bxc3 Bg7 7. Be3 c5 8. Bd3 O-O 9. Ne2 Qa5 10. O-O Nc6 11. Qb3 cxd4 12. cxd4 Qb4 13. Rac1 Qxb3 14. axb3 Rd8 15. Bb5 Bxd4 16. Nxd4 Nxd4 17. Rfd1 e5 18. Bxd4 exd4 19. Rc7 Be6 20. Rxb7 Bxb3 21. Rd2 a5 22. f3 a4 23. Bd3 a3 24. Rxb3 a2 25. Rxa2 Rxa2 26. Kf1 Rc8 27. Rb1 Rd2 28. Be2 Rcc2 29. Re1 d3 30. Bd1 Rf2+ 0-1

[Event "Montcalm op 5 2010-11"]
[Site "Quebec CAN"]
[Date "2011.03.03"]
[Round "3"]
[White "Auger, Bertrand"]
[Black "Cummins, Paul"]
[Result "1-0"]
[WhiteElo "1941"]
[BlackElo "1807"]
[PlyCount "101"]
[GameId "2160767909804419"]
[EventDate "2011.02.16"]
[EventType "swiss"]
[EventRounds "5"]
[EventCountry "CAN"]
[SourceTitle "EXT 2022"]
[Source "ChessBase"]
[SourceDate "2021.10.06"]
[SourceVersion "1"]
[SourceVersionDate "2021.10.06"]
[SourceQuality "1"]

1. d4 d5 2. Nf3 e6 3. c4 Nf6 4. e3 c6 5. Nbd2 Bd6 6. b3 O-O 7. Bb2 Nbd7 8. Bd3 Qe7 9. Ne5 Bb4 10. O-O Bxd2 11. Qxd2 Nxe5 12. dxe5 Nd7 13. e4 dxc4 14. Bxc4 b5 15. Be2 Nb6 16. Qd6 Qxd6 17. exd6 f6 18. a4 bxa4 19. bxa4 e5 20. a5 Nd7 21. Rfc1 Rd8 22. Rxc6 Rb8 23. Ba3 Bb7 24. Rc7 Bxe4 25. Bc4+ Kh8 26. f3 Rb1+ 27. Rxb1 Bxb1 28. g4 h6 29. Bb5 Nf8 30. d7 Nxd7 31. Bxd7 a6 32. Rc8 Rxc8 33. Bxc8 Bd3 34. Be6 Kh7 35. Kf2 g6 36. Ke3 Bb5 37. Bf8 Bf1 38. h4 Bb5 39. Bf7 Bc6 40. Bc4 Bb7 41. Bd3 Kg8 42. Bxh6 Kf7 43. Kf2 Ke6 44. h5 gxh5 45. Bf5+ Kd6 46. Bf8+ Kc7 47. gxh5 Bd5 48. h6 Bg8 49. Be7 Kc6 50. Bxf6 Kb7 51. Bd8 1-0

[Event "Montcalm op 5 2010-11"]
[Site "Quebec CAN"]
[Date "2011.03.03"]
[Round "3"]
[White "Caire, Francois"]
[Black "Marquis, Paul"]
[Result "1-0"]
[WhiteElo "2241"]
[BlackElo "1988"]
[PlyCount "56"]
[GameId "2160767909804421"]
[EventDate "2011.02.16"]
[EventType "swiss"]
[EventRounds "5"]
[EventCountry "CAN"]
[SourceTitle "EXT 2022"]
[Source "ChessBase"]
[SourceDate "2021.10.06"]
[SourceVersion "1"]
[SourceVersionDate "2021.10.06"]
[SourceQuality "1"]

1. d4 d5 2. c4 c6 3. Nc3 Nf6 4. e3 e6 5. Nf3 Nbd7 6. Qc2 Bd6 7. Be2 O-O 8. O-O dxc4 9. Bxc4 Qe7 10. Bb3 e5 11. Nh4 g6 12. Nf3 e4 13. Ng5 Bxh2+ 14. Kxh2 Ng4+ 15. Kg1 Qxg5 16. Qxe4 Ndf6 17. Qf3 Qh5 18. Qg3 Re8 19. f3 Nh6 20. e4 Be6 21. Bg5 Bxb3 22. axb3 Nd7 23. Qf4 Kg7 24. g4 Qh3 25. Rf2 f6 26. Bxf6+ Nxf6 27. Rh2 Qxh2+ 28. Qxh2 Nf7 1-0

[Event "Montcalm op 5 2010-11"]
[Site "Quebec CAN"]
[Date "2011.03.03"]
[Round "3"]
[White "Chiffot, Nicolas"]
[Black "Bergeron, Marc"]
[Result "1-0"]
[WhiteElo "1994"]
[BlackElo "1975"]
[PlyCount "27"]
[GameId "2160767909804422"]
[EventDate "2011.02.16"]
[EventType "swiss"]
[EventRounds "5"]
[EventCountry "CAN"]
[SourceTitle "EXT 2022"]
[Source "ChessBase"]
[SourceDate "2021.10.06"]
[SourceVersion "1"]
[SourceVersionDate "2021.10.06"]
[SourceQuality "1"]

1. Nf3 Nc6 2. d4 d5 3. g3 Bf5 4. c4 e6 5. Nc3 Nb4 6. e4 dxe4 7. Nh4 e3 8. Nxf5 exf2+ 9. Kxf2 Qf6 10. Bh3 O-O-O 11. Ne4 exf5 12. Nxf6 Nxf6 13. Bxf5+ Kb8 14. Bg5 1-0

[Event "Montcalm op 5 2010-11"]
[Site "Quebec CAN"]
[Date "2011.03.03"]
[Round "3"]
[White "Poliquin, Yvone"]
[Black "Bluteau, Yvon"]
[Result "1-0"]
[WhiteElo "1963"]
[BlackElo "1849"]
[PlyCount "53"]
[GameId "2160767909804423"]
[EventDate "2011.02.16"]
[EventType "swiss"]
[EventRounds "5"]
[EventCountry "CAN"]
[SourceTitle "EXT 2022"]
[Source "ChessBase"]
[SourceDate "2021.10.06"]
[SourceVersion "1"]
[SourceVersionDate "2021.10.06"]
[SourceQuality "1"]

1. e4 c5 2. Nc3 Nc6 3. Nf3 g6 4. d4 cxd4 5. Nxd4 Bg7 6. Be3 Nf6 7. Bc4 O-O 8. f3 Nxd4 9. Bxd4 Qc7 10. Bb3 d6 11. Qd2 Bd7 12. g4 Be6 13. O-O-O Bxb3 14. axb3 Nd7 15. Nd5 Qd8 16. Bxg7 Kxg7 17. h4 f6 18. Nf4 Qc8 19. Ne6+ Kh8 20. Nxf8 Qxf8 21. f4 Nc5 22. Qe3 Rc8 23. h5 Qf7 24. Kb1 g5 25. fxg5 fxg5 26. Qc3+ Kg8 27. b4 1-0

[Event "Montcalm op 5 2010-11"]
[Site "Quebec CAN"]
[Date "2011.03.10"]
[Round "4"]
[White "Auger, Bertrand"]
[Black "Poliquin, Yvone"]
[Result "1-0"]
[WhiteElo "1941"]
[BlackElo "1963"]
[PlyCount "115"]
[GameId "2160767909804424"]
[EventDate "2011.02.16"]
[EventType "swiss"]
[EventRounds "5"]
[EventCountry "CAN"]
[SourceTitle "EXT 2022"]
[Source "ChessBase"]
[SourceDate "2021.10.06"]
[SourceVersion "1"]
[SourceVersionDate "2021.10.06"]
[SourceQuality "1"]

1. d4 d5 2. Nf3 e6 3. c4 c5 4. cxd5 exd5 5. g3 Nc6 6. Bg2 Nf6 7. O-O Be7 8. Nc3 O-O 9. dxc5 d4 10. Na4 Bf5 11. Qb3 Be4 12. Rd1 d3 13. Rxd3 Bxd3 14. exd3 Na5 15. Qc2 Nd5 16. a3 Bf6 17. Nc3 Re8 18. Ne4 Be7 19. d4 h6 20. Nc3 Bf6 21. Bd2 Nxc3 22. Bxc3 Nc6 23. Rd1 Rc8 24. b4 Nb8 25. Ne5 Bxe5 26. dxe5 Qe7 27. Rd6 Nc6 28. f4 a6 29. Qd2 Rcd8 30. a4 Rxd6 31. cxd6 Qd7 32. Qd5 Rc8 33. Be4 Nd8 34. Qd3 Qxa4 35. Bh7+ Kh8 36. Bf5 Ne6 37. Be4 Qa3 38. Bd2 Qxd3 39. Bxd3 Nd8 40. Kf2 Kg8 41. Ke3 Kf8 42. Be4 g6 43. Bd5 b6 44. g4 a5 45. f5 gxf5 46. gxf5 Rb8 47. e6 fxe6 48. Bxe6 Nc6 49. b5 Nd8 50. Ke4 Nf7 51. Bf4 Ng5+ 52. Kd5 a4 53. d7 Ra8 54. Bd6+ Kg7 55. Ba3 Kf6 56. Bb2+ Ke7 57. f6+ Kd8 58. Ba3 1-0

[Event "Montcalm op 5 2010-11"]
[Site "Quebec CAN"]
[Date "2011.03.10"]
[Round "4"]
[White "Chiffot, Nicolas"]
[Black "Caire, Francois"]
[Result "1/2-1/2"]
[WhiteElo "1994"]
[BlackElo "2241"]
[PlyCount "61"]
[GameId "2160767909804425"]
[EventDate "2011.02.16"]
[EventType "swiss"]
[EventRounds "5"]
[EventCountry "CAN"]
[SourceTitle "EXT 2022"]
[Source "ChessBase"]
[SourceDate "2021.10.06"]
[SourceVersion "1"]
[SourceVersionDate "2021.10.06"]
[SourceQuality "1"]

1. d4 Nf6 2. c4 e5 3. dxe5 Ng4 4. Bf4 Nc6 5. Nf3 Bb4+ 6. Nbd2 Qe7 7. a3 Ngxe5 8. Nxe5 Nxe5 9. e3 Bxd2+ 10. Qxd2 d6 11. Be2 O-O 12. O-O b6 13. Rfd1 Bb7 14. Qc3 Rfe8 15. Rd2 a5 16. Rad1 a4 17. Bxe5 Qxe5 18. Qxe5 Rxe5 19. Rd4 Bc6 20. R1d2 Rae8 21. Bd1 R8e6 22. h3 Rc5 23. Be2 Rg6 24. g3 Rh6 25. Bf1 Bd7 26. h4 Bc6 27. Bg2 Bxg2 28. Kxg2 Re6 29. e4 Kf8 30. f4 f6 31. Kf3 1/2-1/2

[Event "Montcalm op 5 2010-11"]
[Site "Quebec CAN"]
[Date "2011.03.10"]
[Round "4"]
[White "Lapierre, Gaetan"]
[Black "Gras, Guillaume"]
[Result "0-1"]
[WhiteElo "1898"]
[BlackElo "2122"]
[PlyCount "111"]
[GameId "2160767909804426"]
[EventDate "2011.02.16"]
[EventType "swiss"]
[EventRounds "5"]
[EventCountry "CAN"]
[SourceTitle "EXT 2022"]
[Source "ChessBase"]
[SourceDate "2021.10.06"]
[SourceVersion "1"]
[SourceVersionDate "2021.10.06"]
[SourceQuality "1"]

1. e4 Nf6 2. e5 Nd5 3. d4 d6 4. c4 Nb6 5. f4 dxe5 6. fxe5 c5 7. d5 g6 8. Nf3 Bg7 9. Be2 O-O 10. O-O Bg4 11. Bf4 e6 12. Bg5 Qd7 13. Nc3 exd5 14. cxd5 Bxf3 15. Rxf3 Bxe5 16. Bb5 Qg4 17. Be7 Qd4+ 18. Kh1 a6 19. Bxf8 axb5 20. Qf1 Kxf8 21. Rxf7+ Kg8 22. Rf8+ Kg7 23. Qf7+ Kh6 24. Qe7 N8d7 25. Rxa8 Qf4 26. Kg1 Qxh2+ 27. Kf1 Qh1+ 28. Kf2 Bd4+ 29. Kg3 Qh5 30. Rf8 Nf6 31. Rxf6 Qg5+ 32. Kf3 Qh5+ 33. Ke4 Qh4+ 34. Kd3 Bxf6 35. Qxc5 Nc4 36. Nxb5 Nxb2+ 37. Ke2 Qg4+ 38. Kf1 Qf4+ 39. Qf2 Qc4+ 40. Qe2 Nd3 41. Rd1 Qxb5 42. Qxd3 Qa5 43. d6 Kg7 44. d7 Qd8 45. Qe4 Qa5 46. d8=Q Bxd8 47. Qxb7+ Kh6 48. Qd5 Qa6+ 49. Kg1 Bb6+ 50. Kh1 Qa3 51. Qb3 Qa5 52. Qh3+ Kg5 53. Qxh7 Qxa2 54. Qe7+ Kf5 55. Rf1+ Kg4 56. Qe6+ 0-1

[Event "Montcalm op 5 2010-11"]
[Site "Quebec CAN"]
[Date "2011.03.10"]
[Round "4"]
[White "Marquis, Paul"]
[Black "Bleau, John"]
[Result "0-1"]
[WhiteElo "1988"]
[BlackElo "1833"]
[PlyCount "82"]
[GameId "2160767909804427"]
[EventDate "2011.02.16"]
[EventType "swiss"]
[EventRounds "5"]
[EventCountry "CAN"]
[SourceTitle "EXT 2022"]
[Source "ChessBase"]
[SourceDate "2021.10.06"]
[SourceVersion "1"]
[SourceVersionDate "2021.10.06"]
[SourceQuality "1"]

1. e4 c5 2. Nc3 Nc6 3. g3 d6 4. Bg2 Nf6 5. f4 Bg4 6. Nf3 Nd4 7. O-O e6 8. d3 Be7 9. Be3 Nxf3+ 10. Bxf3 Bxf3 11. Qxf3 O-O 12. g4 Qb6 13. Rab1 Qc6 14. g5 Nd7 15. b3 f5 16. Ne2 fxe4 17. Qxe4 Qxe4 18. dxe4 d5 19. Ng3 d4 20. Bd2 Bd6 21. Kg2 Rae8 22. Rf3 Nb8 23. Rbf1 Nc6 24. Ne2 Rd8 25. Nc1 b5 26. h4 c4 27. h5 Bb4 28. Bxb4 Nxb4 29. R1f2 Rd6 30. Rd2 Na6 31. bxc4 bxc4 32. Ne2 Rfd8 33. Ra3 Nc5 34. Kf3 c3 35. Rd1 d3 36. Nxc3 dxc2 37. Rc1 Rd3+ 38. Ke2 Rh3 39. Nb5 Rh2+ 40. Ke3 Rd1 41. Rxa7 Rd3# 0-1

[Event "Montcalm op 5 2010-11"]
[Site "Quebec CAN"]
[Date "2011.03.10"]
[Round "4"]
[White "Perron, Jonathan"]
[Black "Caron, Sebastien"]
[Result "1/2-1/2"]
[WhiteElo "2123"]
[BlackElo "1917"]
[PlyCount "75"]
[GameId "2160767909804428"]
[EventDate "2011.02.16"]
[EventType "swiss"]
[EventRounds "5"]
[EventCountry "CAN"]
[SourceTitle "EXT 2022"]
[Source "ChessBase"]
[SourceDate "2021.10.06"]
[SourceVersion "1"]
[SourceVersionDate "2021.10.06"]
[SourceQuality "1"]

1. e4 e5 2. Nf3 Nf6 3. Nxe5 d6 4. Nf3 Nxe4 5. d4 d5 6. Bd3 Bd6 7. c4 Bb4+ 8. Bd2 Nxd2 9. Nbxd2 Qe7+ 10. Kf1 dxc4 11. Bxc4 O-O 12. a3 Bd6 13. Qc2 Nc6 14. Re1 Qd8 15. h4 g6 16. b4 Bf5 17. Qb3 Qf6 18. Ne4 Bxe4 19. Rxe4 Rae8 20. Rxe8 Rxe8 21. Rh3 h6 22. g4 Qf4 23. g5 Qf5 24. Rh1 h5 25. Bd5 Nd8 26. a4 c6 27. Bc4 Ne6 28. b5 Re7 29. bxc6 bxc6 30. Qd3 Qxd3+ 31. Bxd3 Nf4 32. Ba6 c5 33. dxc5 Bxc5 34. Kg1 Bd6 35. Kh2 Ne2+ 36. Kg2 Nf4+ 37. Kh2 Ne2+ 38. Kg2 1/2-1/2

[Event "Montcalm op 5 2010-11"]
[Site "Quebec CAN"]
[Date "2011.03.17"]
[Round "5"]
[White "Bleau, John"]
[Black "Bergeron, Marc"]
[Result "0-1"]
[WhiteElo "1833"]
[BlackElo "1975"]
[PlyCount "118"]
[GameId "2160767909804429"]
[EventDate "2011.02.16"]
[EventType "swiss"]
[EventRounds "5"]
[EventCountry "CAN"]
[SourceTitle "EXT 2022"]
[Source "ChessBase"]
[SourceDate "2021.10.06"]
[SourceVersion "1"]
[SourceVersionDate "2021.10.06"]
[SourceQuality "1"]

1. d4 d5 2. c4 Nc6 3. Nc3 dxc4 4. Nf3 Nf6 5. Bg5 e6 6. e4 h6 7. Bxf6 Qxf6 8. Bxc4 Bd7 9. d5 Ne5 10. dxe6 fxe6 11. Nxe5 Qxe5 12. O-O O-O-O 13. Qb3 g5 14. Rad1 Bd6 15. g3 a6 16. Rfe1 h5 17. Bf1 h4 18. Ne2 Bc5 19. Qc3 Qxc3 20. Nxc3 hxg3 21. hxg3 Rdf8 22. Rd2 e5 23. a3 Bh3 24. Nd1 Rf3 25. Bxh3+ Rxh3 26. Kg2 g4 27. Ne3 Bxe3 28. Rxe3 Rhxg3+ 29. fxg3 Rxe3 30. Kf2 Rxe4 31. Rd3 b6 32. b4 c6 33. Rd6 Kc7 34. Re6 Kd7 35. Rg6 a5 36. b5 cxb5 37. Rxb6 a4 38. Rxb5 Ke6 39. Rc5 Kf5 40. Rc8 Ke6 41. Rc5 Kd6 42. Rb5 Rc4 43. Ra5 Rc2+ 44. Ke3 Rc3+ 45. Ke4 Rxa3 46. Rd5+ Kc6 47. Rxe5 Rxg3 48. Kf4 Rd3 49. Kxg4 Rd5 50. Re1 Kb5 51. Kf4 Rd8 52. Rb1+ Kc4 53. Kg3 Rd3+ 54. Kg2 Rb3 55. Ra1 Kb4 56. Rd1 a3 57. Rf1 a2 58. Rf4+ Ka3 59. Rf1 Rc3 0-1

[Event "Montcalm op 5 2010-11"]
[Site "Quebec CAN"]
[Date "2011.03.17"]
[Round "5"]
[White "Caire, Francois"]
[Black "Auger, Bertrand"]
[Result "1-0"]
[WhiteElo "2241"]
[BlackElo "1941"]
[PlyCount "93"]
[GameId "2160767909804430"]
[EventDate "2011.02.16"]
[EventType "swiss"]
[EventRounds "5"]
[EventCountry "CAN"]
[SourceTitle "EXT 2022"]
[Source "ChessBase"]
[SourceDate "2021.10.06"]
[SourceVersion "1"]
[SourceVersionDate "2021.10.06"]
[SourceQuality "1"]

1. d4 d5 2. Nf3 Nf6 3. c4 e6 4. Nc3 c6 5. e3 Bd6 6. Bd3 Nbd7 7. e4 dxe4 8. Nxe4 Nxe4 9. Bxe4 Nf6 10. Bc2 Qa5+ 11. Bd2 Qh5 12. Qe2 b5 13. c5 Bc7 14. O-O-O a5 15. h3 Qd5 16. Kb1 O-O 17. g4 b4 18. g5 Ba6 19. Qe3 Nd7 20. Be4 Qc4 21. Bxc6 Qd3+ 22. Ka1 Qxe3 23. fxe3 Rad8 24. Rhe1 Nb8 25. Ba4 Bb7 26. Rf1 Nc6 27. Bc1 Ne7 28. Bc2 Ba6 29. Rf2 Bg3 30. Rg2 Bc7 31. e4 Bb7 32. Be3 Bc6 33. Bg1 Ng6 34. Bh2 Bxh2 35. Rxh2 f5 36. gxf6 gxf6 37. Rhd2 Nf4 38. Ng1 a4 39. Rf1 b3 40. axb3 axb3 41. Bxb3 Ra8+ 42. Ba2 Ng6 43. d5 Bb5 44. Rc1 Ne5 45. d6 Nd3 46. Rc3 Nc1 47. Rxc1 1-0

[Event "Montcalm op 5 2010-11"]
[Site "Quebec CAN"]
[Date "2011.03.17"]
[Round "5"]
[White "Caron, Sebastien"]
[Black "Chiffot, Nicolas"]
[Result "0-1"]
[WhiteElo "1917"]
[BlackElo "1994"]
[PlyCount "114"]
[GameId "2160767909804431"]
[EventDate "2011.02.16"]
[EventType "swiss"]
[EventRounds "5"]
[EventCountry "CAN"]
[SourceTitle "EXT 2022"]
[Source "ChessBase"]
[SourceDate "2021.10.06"]
[SourceVersion "1"]
[SourceVersionDate "2021.10.06"]
[SourceQuality "1"]

1. d4 d5 2. c4 e6 3. Nc3 Be7 4. e3 Nf6 5. Nf3 O-O 6. Qc2 c5 7. a3 cxd4 8. Nxd4 e5 9. Nf5 d4 10. Ne4 Bxf5 11. Nxf6+ Bxf6 12. Qxf5 e4 13. exd4 Bxd4 14. Be2 Re8 15. O-O Nc6 16. Bf4 g6 17. Qd5 Qe7 18. Rab1 Rad8 19. Bg5 Bf6 20. Bxf6 Qxf6 21. Qc5 Rd2 22. Bd1 Rxb2 23. Ba4 Re6 24. Rbd1 b6 25. Qd5 Kg7 26. h3 Ra2 27. Bxc6 Rxc6 28. Qxe4 Re6 29. Qd4 Ree2 30. Qxf6+ Kxf6 31. Rd3 Re5 32. Rf3+ Rf5 33. Rxf5+ Kxf5 34. c5 bxc5 35. Rc1 Rxa3 36. Rxc5+ Ke6 37. Rc7 a5 38. g3 a4 39. Kg2 h5 40. h4 Rb3 41. Ra7 a3 42. Ra5 Kd6 43. f3 Kc6 44. g4 Kb6 45. Ra8 Kc5 46. gxh5 gxh5 47. Kg3 Kb4 48. Kf4 Kc3 49. Ra7 Kb2 50. Rxf7 a2 51. Ra7 Ra3 52. Rxa3 Kxa3 53. Kg5 a1=Q 54. Kxh5 Qg7 55. f4 Kb4 56. f5 Kc5 57. f6 Qxf6 0-1

[Event "Montcalm op 5 2010-11"]
[Site "Quebec CAN"]
[Date "2011.03.17"]
[Round "5"]
[White "Dumont, Eric"]
[Black "Bourassa, Andre"]
[Result "1-0"]
[WhiteElo "1622"]
[BlackElo "1811"]
[PlyCount "51"]
[GameId "2160767909804432"]
[EventDate "2011.02.16"]
[EventType "swiss"]
[EventRounds "5"]
[EventCountry "CAN"]
[SourceTitle "EXT 2022"]
[Source "ChessBase"]
[SourceDate "2021.10.06"]
[SourceVersion "1"]
[SourceVersionDate "2021.10.06"]
[SourceQuality "1"]

1. d4 d5 2. Bf4 e6 3. Nf3 Nd7 4. e3 Ngf6 5. Nbd2 c5 6. c3 Be7 7. h3 O-O 8. Bd3 Nh5 9. Bh2 f5 10. g4 fxg4 11. hxg4 Nhf6 12. Ng5 Nb6 13. Nxh7 Nxh7 14. Bxh7+ Kf7 15. g5 Ke8 16. Qh5+ Kd7 17. Nf3 Kc6 18. Ne5+ Kb5 19. a4+ Ka6 20. dxc5 Nc4 21. Qe2 Bd7 22. Nxc4 Bxc5 23. b4 dxc4 24. Qxc4+ b5 25. axb5+ Kb7 26. Be4+ 1-0

[Event "Montcalm op 5 2010-11"]
[Site "Quebec CAN"]
[Date "2011.03.17"]
[Round "5"]
[White "Perron, Jonathan"]
[Black "Bluteau, Yvon"]
[Result "0-1"]
[WhiteElo "2123"]
[BlackElo "1849"]
[PlyCount "52"]
[GameId "2160767909804433"]
[EventDate "2011.02.16"]
[EventType "swiss"]
[EventRounds "5"]
[EventCountry "CAN"]
[SourceTitle "EXT 2022"]
[Source "ChessBase"]
[SourceDate "2021.10.06"]
[SourceVersion "1"]
[SourceVersionDate "2021.10.06"]
[SourceQuality "1"]

1. e4 c5 2. Nf3 Nf6 3. e5 Nd5 4. Nc3 Nxc3 5. bxc3 g6 6. d4 Bg7 7. Bd3 O-O 8. O-O d6 9. exd6 exd6 10. Bg5 Qa5 11. Be7 Re8 12. Bxd6 Qxc3 13. Bxc5 Nc6 14. Bb5 Bd7 15. Rb1 a6 16. Rb3 Qa5 17. Bc4 b5 18. Bxf7+ Kxf7 19. Ng5+ Kg8 20. Qf3 Be6 21. Nxe6 Rxe6 22. Qd5 Rae8 23. Re3 Qd8 24. Qxe6+ Rxe6 25. Rxe6 Nxd4 26. Rxa6 Qc8 0-1

[Event "Montcalm op 6 2010-11"]
[Site "Quebec CAN"]
[Date "2011.03.24"]
[Round "1"]
[White "Bourassa, Andre"]
[Black "Bluteau, Yvon"]
[Result "0-1"]
[WhiteElo "1788"]
[BlackElo "1875"]
[PlyCount "106"]
[GameId "2160767909787302"]
[EventDate "2011.03.24"]
[EventType "swiss"]
[EventRounds "5"]
[EventCountry "CAN"]
[SourceTitle "EXT 2022"]
[Source "ChessBase"]
[SourceDate "2021.10.06"]
[SourceVersion "1"]
[SourceVersionDate "2021.10.06"]
[SourceQuality "1"]

1. d4 Nf6 2. c4 e6 3. Nf3 b6 4. Nc3 Bb4 5. Bd2 Bb7 6. e3 O-O 7. Bd3 c5 8. a3 cxd4 9. axb4 dxc3 10. Bxc3 d5 11. b3 Nbd7 12. O-O Qc7 13. Rc1 Rac8 14. Nd4 Rfd8 15. f4 dxc4 16. bxc4 Be4 17. Nb5 Qb8 18. Be2 Nc5 19. Nd4 Nb7 20. Qb3 Nd6 21. Rfd1 h5 22. Nf3 Ng4 23. Bb2 Nf5 24. Ne5 Ngxe3 25. Bxh5 Rxd1+ 26. Rxd1 Nxd1 27. Bxf7+ Kh7 28. Qxd1 Qd6 29. Qh5+ Nh6 30. Bg6+ Kg8 31. Bxe4 Qd2 32. Nd3 Qe3+ 33. Kh1 Qxe4 34. Qe5 Qxe5 35. Nxe5 Rd8 36. h3 Nf5 37. Nf3 Rd1+ 38. Kh2 Rb1 39. Bc3 Rc1 40. Be5 Rxc4 41. b5 Ra4 42. g4 Ra2+ 43. Kh1 Ng3+ 44. Kg1 Ne4 45. Nd4 Kf7 46. Nc6 a5 47. bxa6 Rxa6 48. Bd4 b5 49. Ne5+ Kg8 50. Nf3 b4 51. Ne1 b3 52. Be5 Nd2 53. Nd3 Nf3+ 0-1

[Event "Montcalm op 6 2010-11"]
[Site "Quebec CAN"]
[Date "2011.03.24"]
[Round "1"]
[White "Caron, Sebastien"]
[Black "Bergeron, Marc"]
[Result "1-0"]
[WhiteElo "1921"]
[BlackElo "1963"]
[PlyCount "121"]
[GameId "2160767909787303"]
[EventDate "2011.03.24"]
[EventType "swiss"]
[EventRounds "5"]
[EventCountry "CAN"]
[SourceTitle "EXT 2022"]
[Source "ChessBase"]
[SourceDate "2021.10.06"]
[SourceVersion "1"]
[SourceVersionDate "2021.10.06"]
[SourceQuality "1"]

1. e4 Nc6 2. d4 d5 3. e5 Bf5 4. c3 e6 5. Bd3 Bxd3 6. Qxd3 h5 7. h4 Qd7 8. Nd2 Nh6 9. Nb3 O-O-O 10. Bg5 Re8 11. Ne2 Ng8 12. Nf4 Kb8 13. O-O-O b6 14. Rhe1 Kb7 15. Qc2 a5 16. a4 Ra8 17. Nd3 Nh6 18. g3 Nf5 19. Nf4 Kc8 20. Kd2 Nb4 21. cxb4 Bxb4+ 22. Ke2 Bxe1 23. Kxe1 Kb7 24. Nd3 Qc6 25. Qc3 Qxc3+ 26. bxc3 Raf8 27. Bc1 Ra8 28. Nf4 g6 29. Nh3 Rhc8 30. Ng5 Nh6 31. Nxe6 fxe6 32. Bxh6 Re8 33. Rd3 b5 34. Nc5+ Kc6 35. Rd2 bxa4 36. Ra2 Kb5 37. Rxa4 c6 38. Ke2 Ra7 39. Kd3 Rf7 40. Be3 Ra7 41. Bd2 Ree7 42. c4+ dxc4+ 43. Rxc4 Rf7 44. f4 Rfe7 45. Nb3 Kb6 46. Nxa5 Rec7 47. Nb3 Ra3 48. Rb4+ Ka7 49. Kc4 Ra2 50. Be3 Ka8 51. Nc5 Rca7 52. Nxe6 R7a3 53. Rb3 Rxb3 54. Kxb3 Rg2 55. Kc4 Rxg3 56. Bd2 Kb7 57. Bb4 Kc8 58. Bd6 Rg4 59. Nf8 Kd8 60. e6 Ke8 61. Nh7 1-0